Memorie di una vacca
Guardat en:
| Autor principal: | |
|---|---|
| Format: | Llibre |
| Idioma: | anglès |
| Etiquetes: |
Sense etiquetes, Sigues el primer a etiquetar aquest registre!
|
MARC
| LEADER | 00000nam a2200000 4500 | ||
|---|---|---|---|
| 005 | 20240724161755.0 | ||
| 008 | 240724b |||||||| |||| 00| 0 eng d | ||
| 040 | |c GP | ||
| 100 | |a Gorni, Olindo | ||
| 245 | |a Memorie di una vacca | ||
| 942 | |2 ddc |c BK |n 0 | ||
| 952 | |0 0 |1 0 |2 ddc |4 0 |6 080_000000000000000_GOR |7 1 |9 1673 |a RM |b RM |d 2024-07-24 |l 0 |o 080 GOR |p 60 |r 2024-07-24 16:18:14 |w 2024-07-24 |y BK | ||
| 999 | |c 1486 |d 1486 | ||